000 00201 a2200097 4500
001 2845
100 _aSnell, FJ
245 _aAge of transition
260 _a
_bG bell and sons
_c
090 _c2140
_d2140
942 _aNUST-CAE
_cM
_c12670
999 _c237918
_d237918